| 000 | 00555nam a2200169 4500 | ||
|---|---|---|---|
| 001 | 120856 | ||
| 003 | ES-MaACL | ||
| 005 | 20230906191633.0 | ||
| 007 | t| | ||
| 008 | 070214s1973 sp r ||||1| spa d | ||
| 100 | 1 |
_aPollmann, Leo. _992846 |
|
| 245 | 1 | 3 |
_aLa épica en las literaturas románicas _b: pérdida y cambios / _cLeo Pollmann ; traducción del alemán por Abelardo Moralejo Laso. |
| 260 |
_aBarcelona : _bPlaneta, _c1973. |
||
| 300 |
_a261 p. ; _c22 cm. |
||
| 700 | 1 |
_aMoralejo Laso, Abelardo. _982968 |
|
| 852 |
_aES-MaACL _jC-54744 _bR.87391 |
||
| 999 |
_c120856 _d120856 |
||